000 00454cam a22001814a 4500
005 20250605164146.0
008 250528s ||||||||||||||||||||||||d
035 _a19186
020 _a7382012
040 _aGR-AtMCL
_bgre
_dGR-AtMCL
_eAACR2
245 1 _aConcise Encyclopedia of the Middle East
260 _bPublic Affairs Press,
_c1973
300 _a340
700 1 _aHeravi Mehdi
_95432
942 _cBK
999 _c4459
_d4459